[Event "38th Barczay Memorial 2019"]
[Site "Zalakaros"]
[Date "2019.05.30"]
[Round "8.8"]
[White "Hrbolka, Ladislav Jr."]
[Black "Persanyi, Barnabas"]
[Result "1/2-1/2"]
[WhiteElo "2203"]
[BlackElo "2404"]
[Annotator "ChessBase"]
[PlyCount "120"]
[EventDate "2019.05.23"]
[EventType "swiss"]
[EventCountry "HUN"]
[SourceTitle "playchess.com"]
[Source "ChessBase"]
[SourceQuality "1"]
[TimeControl "40/5400+30:1800+30"]

1. e4 {[%emt 0:00:14]} e5 {[%emt 0:00:48]} 2. Nf3 {[%emt 0:00:35]} Nc6 {[%emt 0:00:26]} 3. Bb5 {[%emt 0:00:58]} a6 {[%emt 0:00:17]} 4. Bxc6 {[%emt 0:04:15]} dxc6 {[%emt 0:00:28]} 5. d4 {[%emt 0:02:52]} exd4 {[%emt 0:00:52]} 6. Qxd4 {[%emt 0:00:11]} Qxd4 {[%emt 0:00:36]} 7. Nxd4 {[%emt 0:00:05]} Bd7 {[%emt 0:02:39]} 8. Be3 {[%emt 0:01:56]} O-O-O {[%emt 0:01:30]} 9. Nd2 {[%emt 0:01:26]} Ne7 {[%emt 0:03:21]} 10. O-O-O {[%emt 0:06:01]} b6 {[%emt 0:05:18]} 11. f4 {[%emt 0:22:30]} Ng6 {[%emt 0:13:16]} 12. N4f3 {[%emt 0:05:38]} Bd6 {[%emt 0:14:40]} 13. f5 {[%emt 0:11:27]} Ne5 {[%emt 0:00:53]} 14. Nxe5 {[%emt 0:00:04]} Bxe5 {[%emt 0:00:07]} 15. Nf3 {[%emt 0:02:28]} Rhe8 {[%emt 0:04:16]} 16. Rhe1 {[%emt 0:01:07]} f6 {[%emt 0:05:21]} 17. Nxe5 {[%emt 0:01:27]} Rxe5 {[%emt 0:00:33]} 18. Bf4 {[%emt 0:00:09]} Re7 {[%emt 0:03:22]} 19. Re3 {[%emt 0:00:54]} Rde8 {[%emt 0:04:40]} 20. Rde1 {[%emt 0:00:14]} Rg8 {[%emt 0:04:37]} 21. g3 {[%emt 0:07:02]} Rf7 {[%emt 0:10:10]} 22. g4 {[%emt 0:05:01]} g6 {[%emt 0:00:57]} 23. fxg6 {[%emt 0:02:02]} hxg6 {[%emt 0:01:13]} 24. g5 {[%emt 0:00:34]} fxg5 {[%emt 0:01:22]} 25. Bxg5 {[%emt 0:00:08]} Rf2 {[%emt 0:02:10]} 26. h4 {[%emt 0:00:52]} c5 {[%emt 0:03:41]} 27. R3e2 {[%emt 0:02:38]} Rgf8 {[%emt 0:00:37]} 28. e5 {[%emt 0:01:55]} Rxe2 {[%emt 0:01:12]} 29. Rxe2 {[%emt 0:00:05]} Rf1+ {[%emt 0:00:09]} 30. Kd2 {[%emt 0:00:05]} Bg4 {[%emt 0:00:58]} 31. Rg2 {[%emt 0:06:25]} Bf5 {[%emt 0:01:21]} 32. c3 {[%emt 0:01:41]} Kd7 {[%emt 0:00:46]} 33. Ke3 {[%emt 0:02:04]} Ke6 {[%emt 0:00:58]} 34. Bf6 {[%emt 0:00:08]} b5 {[%emt 0:00:34]} 35. Rd2 {[%emt 0:03:23]} Rb1 {[%emt 0:00:50]} 36. Bd8 {[%emt 0:01:05]} Re1+ {[%emt 0:03:57]} 37. Re2 {[%emt 0:00:31]} Ra1 {[%emt 0:01:06]} 38. a3 {[%emt 0:00:19]} Kxe5 {[%emt 0:00:34]} 39. Bxc7+ {[%emt 0:00:08]} Kd5 {[%emt 0:00:10]} 40. Kf4 {[%emt 0:00:00]} Kc4 {[%emt 0:00:00]} 41. Bb6 {[%emt 0:10:42]} Rg1 {[%emt 0:09:24]} 42. Rh2 {[%emt 0:05:50]} Rf1+ {[%emt 0:03:30]} 43. Ke5 {[%emt 0:01:15]} Re1+ {[%emt 0:00:36]} 44. Kd6 {[%emt 0:00:29]} Re6+ {[%emt 0:01:27]} 45. Kc7 {[%emt 0:00:05]} Be4 {[%emt 0:04:26]} 46. b4 {[%emt 0:10:00]} g5 {[%emt 0:09:36]} 47. Bxc5 {[%emt 0:01:05]} g4 {[%emt 0:00:15]} 48. h5 {[%emt 0:02:16]} g3 {[%emt 0:00:54]} 49. Rh4 {[%emt 0:00:57]} g2 {[%emt 0:02:17]} 50. h6 {[%emt 0:02:58]} Rc6+ {[%emt 0:01:28]} 51. Kd7 {[%emt 0:00:06]} Rxc5 52. Rxe4+ {[%emt 0:00:04]} Kd3 {[%emt 0:00:36]} 53. Rg4 {[%emt 0:00:14]} Rh5 {[%emt 0:00:08]} 54. Rxg2 {[%emt 0:00:16]} Rxh6 {[%emt 0:00:08]} 55. Kc7 {[%emt 0:01:08]} Kc4 {[%emt 0:01:50]} 56. Kb7 {[%emt 0:01:23]} Kb3 {[%emt 0:00:36]} 57. Rg3 {[%emt 0:00:12]} Kxa3 {[%emt 0:00:13]} 58. Rf3 {[%emt 0:00:08]} Ka4 {[%emt 0:02:03]} 59. Rf1 {[%emt 0:00:12]} Kb3 {[%emt 0:00:06]} 60. Rf3 {[%emt 0:00:10]} Kc4 {[%emt 0:00:35]} 1/2-1/2

[Event "38th Barczay Memorial 2019"]
[Site "Zalakaros"]
[Date "2019.05.30"]
[Round "8.9"]
[White "Ianov, Viktor"]
[Black "Peczely, Sebastian Zsombor"]
[Result "1/2-1/2"]
[WhiteElo "2298"]
[BlackElo "2245"]
[Annotator "ChessBase"]
[PlyCount "115"]
[EventDate "2019.05.23"]
[EventType "swiss"]
[EventCountry "HUN"]
[SourceTitle "playchess.com"]
[Source "ChessBase"]
[SourceQuality "1"]
[TimeControl "40/5400+30:1800+30"]

1. Nf3 {[%emt 0:01:21]} d5 {[%emt 0:02:36]} 2. g3 {[%emt 0:00:12]} Nc6 {[%emt 0:00:04]} 3. Bg2 {[%emt 0:00:24]} e5 {[%emt 0:00:56]} 4. d3 {[%emt 0:00:09]} f6 {[%emt 0:00:30]} 5. c3 {[%emt 0:00:14]} Be6 {[%emt 0:00:14]} 6. b4 {[%emt 0:00:11]} Qd7 {[%emt 0:00:33]} 7. Qc2 {[%emt 0:00:58]} Bh3 {[%emt 0:06:44]} 8. Bxh3 {[%emt 0:00:11]} Qxh3 {[%emt 0:00:02]} 9. Nbd2 {[%emt 0:00:20]} Nh6 {[%emt 0:01:23]} 10. e4 {[%emt 0:01:55]} dxe4 {[%emt 0:00:41]} 11. dxe4 {[%emt 0:00:08]} O-O-O {[%emt 0:09:24]} 12. Bb2 {[%emt 0:02:18]} Ng4 {[%emt 0:14:00]} 13. Ke2 {[%emt 0:01:22]} g6 {[%emt 0:11:20]} 14. Rhg1 {[%emt 0:04:15]} Bh6 {[%emt 0:02:27]} 15. Nb3 {[%emt 0:00:15]} f5 {[%emt 0:02:27]} 16. b5 {[%emt 0:01:35]} fxe4 {[%emt 0:06:36]} 17. Qxe4 {[%emt 0:00:25]} Nd4+ {[%emt 0:04:48]} 18. cxd4 {[%emt 0:07:33]} exd4 {[%emt 0:00:19]} 19. Bxd4 {[%emt 0:00:07]} Rhe8 {[%emt 0:00:23]} 20. Be5 {[%emt 0:01:11]} Nxe5 {[%emt 0:01:06]} 21. Nxe5 {[%emt 0:00:14]} Qh5+ {[%emt 0:04:13]} 22. g4 {[%emt 0:00:07]} Qxe5 {[%emt 0:00:55]} 23. Qxe5 {[%emt 0:00:10]} Rxe5+ {[%emt 0:00:03]} 24. Kf3 {[%emt 0:00:57]} Rxb5 {[%emt 0:01:59]} 25. Rae1 {[%emt 0:02:56]} a5 {[%emt 0:03:01]} 26. Re4 {[%emt 0:00:26]} b6 {[%emt 0:03:58]} 27. Rge1 {[%emt 0:00:41]} Rd3+ {[%emt 0:00:22]} 28. Kg2 {[%emt 0:00:34]} Rb4 {[%emt 0:02:24]} 29. Rxb4 {[%emt 0:01:30]} axb4 {[%emt 0:00:05]} 30. Re8+ {[%emt 0:00:32]} Rd8 {[%emt 0:00:50]} 31. Rxd8+ {[%emt 0:00:26]} Kxd8 {[%emt 0:00:08]} 32. Kf3 {[%emt 0:00:05]} Kd7 {[%emt 0:01:52]} 33. Ke4 {[%emt 0:00:09]} Kd6 {[%emt 0:00:58]} 34. f4 {[%emt 0:00:20]} c5 {[%emt 0:00:44]} 35. h4 {[%emt 0:02:10]} Bg7 {[%emt 0:00:41]} 36. g5 {[%emt 0:02:34]} c4 {[%emt 0:02:05]} 37. Nd2 {[%emt 0:00:58]} b5 {[%emt 0:00:11]} 38. Nf3 {[%emt 0:00:41]} Ke6 {[%emt 0:06:26]} 39. h5 {[%emt 0:02:31]} b3 {[%emt 0:03:29]} 40. axb3 {[%emt 0:00:00]} cxb3 {[%emt 0:00:00]} 41. hxg6 {[%emt 0:01:41]} hxg6 {[%emt 0:00:32]} 42. Kd3 {[%emt 0:03:38]} Kf5 {[%emt 0:14:47]} 43. Nh4+ {[%emt 0:00:11]} Kxf4 {[%emt 0:00:12]} 44. Nxg6+ {[%emt 0:00:06]} Kxg5 {[%emt 0:00:58]} 45. Ne7 {[%emt 0:00:08]} Kf6 {[%emt 0:00:59]} 46. Nd5+ {[%emt 0:02:34]} Ke5 {[%emt 0:01:14]} 47. Nc3 {[%emt 0:02:24]} b4 {[%emt 0:00:11]} 48. Ne4 {[%emt 0:00:56]} b2 {[%emt 0:04:29]} 49. Nd2 {[%emt 0:00:18]} Kd5 {[%emt 0:04:50]} 50. Kc2 {[%emt 0:00:24]} Bc3 {[%emt 0:00:20]} 51. Nf3 {[%emt 0:00:30]} Ke4 {[%emt 0:00:34]} 52. Ng5+ {[%emt 0:00:21]} Kf5 {[%emt 0:00:33]} 53. Nf7 {[%emt 0:00:53]} Ke6 {[%emt 0:01:09]} 54. Ng5+ {[%emt 0:00:45]} Kd5 {[%emt 0:00:30]} 55. Nf3 {[%emt 0:02:04]} Bf6 {[%emt 0:00:09]} 56. Nd2 {[%emt 0:00:31]} Bg7 {[%emt 0:00:47]} 57. Nf3 {[%emt 0:01:21]} Ke4 {[%emt 0:00:08]} 58. Nd2+ {[%emt 0:00:37]} 1/2-1/2

[Event "38th Barczay Memorial 2019"]
[Site "Zalakaros"]
[Date "2019.05.30"]
[Round "8.10"]
[White "Horvath, Adam"]
[Black "Gombocz, Ferenc Jr."]
[Result "1-0"]
[WhiteElo "2531"]
[BlackElo "2214"]
[Annotator "TA"]
[PlyCount "96"]
[EventDate "2019.05.23"]
[EventType "swiss"]
[EventCountry "HUN"]
[SourceTitle "playchess.com"]
[Source "ChessBase"]
[SourceQuality "1"]

{[%evp 9,96,61,65,56,67,71,79,43,58,-6,0,0,10,8,9,-25,-24,-48,0,-63,-18,-25,-12,-13,55,75,61,64,35,29,254,145,158,158,285,216,207,211,213,212,262,269,490,258,252,175,164,168,216,203,291,282,302,294,278,259,315,295,363,394,1422,1426,1398,1063,1299,1118,4921,2901,6199,6187,6207,5830,29973,6058,29984,29985,29985,29986,29986,29987,29987,29988,29989,29989,29988,29989,29992,29993,29993]} 1. e4 e5 2. Nf3 Nc6 3. Bc4 d6 4. c3 g6 5. O-O Bg7 6. d4 {C50: Hungarian Defence and Giuoco Pianissimo} Qe7 7. Re1 (7. h3 Nf6 8. Re1 O-O 9. Nbd2 Bd7 10. Nf1 Rae8 11. Ng3 Kh8 12. b4 h6 {1-0 (51) Bauer,C (2647)-Vorotnikov,V (2476) Zuerich 2017}) 7... Nf6 8. b4 {White is better.} a6 9. dxe5 $146 (9. Qb3 $14) ({Predecessor:} 9. a4 O-O 10. Ba3 Bg4 11. b5 Na5 12. Nbd2 Nxc4 13. Nxc4 {½-½ (69) Rydstrom,T (2315)-Rajdeep,S (2351) Bhubaneswar 2016}) 9... Nxe5 $11 10. Nxe5 dxe5 11. a4 O-O 12. Ba3 {Black should prevent b5.} Rd8 13. Qb3 Qd7 14. b5 (14. Bf1 $11) 14... axb5 (14... Nxe4 $5 15. b6 (15. Rxe4 $2 Qd1+ 16. Qxd1 Rxd1+ 17. Bf1 Bf5 $19) 15... Ng5 $15) 15. Bxb5 c6 16. Bf1 $1 Nxe4 (16... Qe6 $11 17. Bc4 Qd7) 17. Rxe4 $14 {And now Re1 would win.} Qd1 18. Qb2 {Strongly threatening Be7.} Bf5 19. Re2 {Threatens to win with Rd2.} Bh6 $2 (19... Qxa4 $11 {and Black stays safe.} 20. Rd2 Re8) 20. c4 (20. Rxe5 Bd3 $11) ({White must play} 20. Nd2 $1 $18 Qxa4 21. Nb3) 20... Qxa4 21. Nc3 (21. Rxe5 Bg7 $15) 21... Qa5 (21... Qxc4 $16 22. Be7 (22. Rxe5 Qd4 $16) 22... Rxa1 23. Qxa1 Re8) 22. Ra2 {Be7 is the strong threat.} Qc7 23. Bc5 {Hoping for Bb6.} Rxa2 24. Nxa2 {aiming for Bb6.} Rd1 25. Nc3 ({And not} 25. Qxe5 Qxe5 26. Rxe5 Bd3 $17) 25... Rxf1+ 26. Kxf1 Bd3 27. Kg1 {Black must now prevent Re1.} Bxe2 28. Nxe2 ({Don't do} 28. Qxe2 $6 Qa5 $14) 28... Qd7 {[%cal Rd7d1]} 29. h3 f6 (29... Bg7 $142 30. Qa3 h5) 30. Nc3 $18 f5 31. Qa3 Kf7 32. Bd6 Bg7 33. c5 e4 34. Qb3+ Qe6 $2 (34... Kf6 35. h4 b5 36. cxb6 Qxd6) 35. Qxb7+ {[%mdl 64] [#] Double Attack} Kg8 36. Qxc6 e3 37. f4 e2 {[#]} 38. Nxe2 $1 h5 (38... Qxe2 39. Qd5+) 39. Kf1 h4 40. Qc7 Bf6 41. Be5 (41. c6 $142 Qe8 42. Qb7 Qe6 43. c7 Qxd6 44. c8=Q+ Qf8 45. Qe6+ Kh8 46. Qbd7) 41... Be7 42. c6 {White mates.} Kf7 43. Nd4 Qc4+ 44. Kg1 Qd3 45. Nf3 Kf8 46. Qc8+ Kf7 47. Bd4 Qd1+ 48. Kh2 Qe2 {Accuracy: White = 62%, Black = 44%.} 1-0

[Event "38th Barczay Memorial 2019"]
[Site "Zalakaros"]
[Date "2019.05.30"]
[Round "8.11"]
[White "Boguszlavszkij, Jevgenyij"]
[Black "Csonka, Attila Istvan"]
[Result "1/2-1/2"]
[WhiteElo "2196"]
[BlackElo "2376"]
[Annotator "ChessBase"]
[PlyCount "53"]
[EventDate "2019.05.23"]
[EventType "swiss"]
[EventCountry "HUN"]
[SourceTitle "playchess.com"]
[Source "ChessBase"]
[SourceQuality "1"]
[TimeControl "40/5400+30:1800+30"]

1. e4 {[%emt 0:03:10]} c5 {[%emt 0:01:43]} 2. Nf3 {[%emt 0:00:06]} e6 {[%emt 0:00:09]} 3. d3 {[%emt 0:00:32]} Nc6 {[%emt 0:00:07]} 4. g3 {[%emt 0:00:08]} h5 {[%emt 0:01:32]} 5. Bg2 {[%emt 0:01:23]} Nge7 {[%emt 0:01:27]} 6. O-O {[%emt 0:03:18]} Ng6 {[%emt 0:01:23]} 7. h4 {[%emt 0:00:36]} d6 {[%emt 0:03:16]} 8. d4 {[%emt 0:03:15]} cxd4 {[%emt 0:12:40]} 9. Nxd4 {[%emt 0:00:58]} e5 {[%emt 0:00:14]} 10. Nf3 {[%emt 0:04:16]} Bg4 {[%emt 0:04:29]} 11. Qd3 {[%emt 0:02:09]} Qd7 {[%emt 0:04:04]} 12. Be3 {[%emt 0:05:31]} f5 {[%emt 0:14:26]} 13. exf5 {[%emt 0:02:09]} Bxf5 {[%emt 0:00:35]} 14. Qe2 {[%emt 0:04:45]} Be7 {[%emt 0:06:20]} 15. Nc3 {[%emt 0:08:40]} Bg4 {[%emt 0:04:47]} 16. Qd3 {[%emt 0:02:15]} Bf5 {[%emt 0:03:10]} 17. Qd2 {[%emt 0:03:21]} Nb4 {[%emt 0:01:38]} 18. Ne1 {[%emt 0:09:34]} Nc6 {[%emt 0:17:58]} 19. Nd5 {[%emt 0:02:07]} Bf6 {[%emt 0:02:50]} 20. Rd1 {[%emt 0:04:46]} Rd8 {[%emt 0:00:07]} 21. Nf3 {[%emt 0:02:57]} Nge7 {[%emt 0:00:55]} 22. c4 {[%emt 0:00:57]} Nxd5 {[%emt 0:00:21]} 23. cxd5 {[%emt 0:00:31]} Ne7 {[%emt 0:00:06]} 24. Ng5 {[%emt 0:05:04]} Bxg5 {[%emt 0:02:36]} 25. Bxg5 {[%emt 0:00:10]} Rc8 {[%emt 0:00:07]} 26. Rc1 {[%emt 0:00:32]} O-O {[%emt 0:01:47]} 27. Qe3 {[%emt 0:03:45]} 1/2-1/2

[Event "38th Barczay Memorial 2019"]
[Site "Zalakaros"]
[Date "2019.05.31"]
[Round "9.1"]
[White "Videki, Sandor"]
[Black "Bokros, Albert"]
[Result "1/2-1/2"]
[WhiteElo "2383"]
[BlackElo "2461"]
[Annotator "TA"]
[PlyCount "36"]
[EventDate "2019.05.23"]
[EventType "swiss"]
[EventCountry "HUN"]
[SourceTitle "playchess.com"]
[Source "ChessBase"]
[SourceQuality "1"]

{[%evp 19,29,17,16,16,16,16,17,17,17,24,29,32]} 1. e4 c5 2. Nf3 e6 3. c3 Nf6 4. e5 Nd5 5. Bc4 Nc6 6. O-O d6 7. d4 cxd4 8. cxd4 Be7 9. Qe2 O-O 10. Rd1 Bd7 11. Bd2 {B22: Sicilian: 2 c3} Rc8 12. Nc3 Nxc3 13. Bxc3 {exd6 is the strong threat.} d5 14. Bd3 Nb4 15. Bb1 {[#]} {Predecessor:} Nc6 $146 16. g3 Bb4 17. Bxb4 Nxb4 18. a3 Nc6 {0-1 (34) Puranik,A (2443)-Lu,S (2615) Olongapo City 2015} 1/2-1/2

[Event "38th Barczay Memorial 2019"]
[Site "Zalakaros"]
[Date "2019.05.31"]
[Round "9.2"]
[White "Kantor, Gergely"]
[Black "Czebe, Attila"]
[Result "1-0"]
[WhiteElo "2516"]
[BlackElo "2427"]
[Annotator "TA"]
[PlyCount "71"]
[EventDate "2019.05.23"]
[EventType "swiss"]
[EventCountry "HUN"]
[SourceTitle "playchess.com"]
[Source "ChessBase"]
[SourceQuality "1"]

{[%evp 9,71,45,61,63,62,70,70,64,91,82,87,75,78,80,566,591,569,571,595,597,571,539,758,728,717,692,815,808,785,781,826,825,806,821,820,820,821,811,801,756,1019,1004,1052,1052,1025,1014,954,868,1129,775,818,815,844,793,811,783,909,852,938,932,6570,6411,2496,2450]} 1. d4 e6 2. c4 b6 3. e4 Bb7 4. Bd3 Nc6 5. Ne2 e5 (5... Nb4 6. Nbc3 Nxd3+ 7. Qxd3 Ne7 8. O-O d6 9. Be3 Qd7 10. d5 Ng6 11. f4 Be7 12. Bd4 e5 13. fxe5 dxe5 {0-1 (49) Matlakov,M (2728)-Andreikin,D (2706) Tbilisi 2017}) 6. d5 {A40: Unusual replies to 1 d4} Nb4 7. Nbc3 Nxd3+ 8. Qxd3 {White is slightly better.} Ne7 9. d6 $146 {Nb5 is the strong threat.} ({Predecessor:} 9. O-O Ng6 10. Be3 Be7 11. Rab1 O-O 12. b4 d6 13. c5 {1-0 (45) Sowray,P (2364)-Haria,R (2100) England 2014}) 9... cxd6 10. Bg5 {Threatens to win with Nb5.} a6 11. Ng3 $40 {[%mdl 128] Strongly threatening Nf5. White goes for the king.} h6 $2 {[%mdl 8192]} (11... f6 $16 {is a better chance.} 12. Be3 Rc8) 12. Nf5 $18 {[%cal Rf5d6] White is clearly winning.} Qb8 {White must now prevent ...Nxf5.} 13. Nxd6+ Qxd6 14. Qxd6 hxg5 15. Qxb6 Rb8 16. O-O-O Nc6 17. Nd5 Bc8 18. Nc7+ {[%mdl 64] Double Attack} Kd8 19. Qxc6 $1 Rh6 20. Qd5 Kxc7 21. Qxe5+ Kb7 22. Rd3 {White threatens Rb3+ and mate.} Ka8 23. Rb3 {[%csl Gb3][%cal Re5b8]} Bb7 24. Rd1 d6 25. Qa5 Re6 26. f3 Be7 {[#]} 27. Rd5 $1 Bd8 (27... Bxd5 28. Qxa6#) 28. Qa4 Ka7 29. Rdb5 Re7 30. Ra3 Bb6 31. Qb4 Bc8 32. Qxd6 Re6 33. Qd3 Rc6 34. Kb1 Kb7 35. Qd5 Be6 {[#]} 36. Rxb6+ $1 {[%mdl 64] Pin} 1-0

[Event "38th Barczay Memorial 2019"]
[Site "Zalakaros"]
[Date "2019.05.31"]
[Round "9.3"]
[White "Radovanovic, Jovica"]
[Black "Horvath, Jozsef"]
[Result "1/2-1/2"]
[WhiteElo "2306"]
[BlackElo "2451"]
[Annotator "TA"]
[PlyCount "118"]
[EventDate "2019.05.23"]
[EventType "swiss"]
[EventCountry "HUN"]
[SourceTitle "playchess.com"]
[Source "ChessBase"]
[SourceQuality "1"]

{[%evp 19,118,-9,-6,-6,-2,0,0,-12,6,-30,0,0,18,-5,17,17,25,0,0,-16,6,0,24,-40,81,75,145,33,37,14,34,14,24,10,13,-74,-62,-69,-58,-68,0,0,0,0,20,0,0,-18,-24,-24,-24,-11,-17,-38,0,0,0,0,0,-12,9,-46,-30,-177,-175,-178,-175,-175,-90,-95,-39,-38,-46,-50,-10,-10,-8,-12,0,0,0,-29,-27,-43,-26,-43,-43,-38,0,0,0,0,0,0,0,0,0,0,14,0,27]} 1. d4 Nf6 2. c4 e6 3. g3 d5 4. Nf3 Be7 5. Bg2 O-O 6. O-O c6 7. Qc2 b6 8. Nbd2 Bb7 9. e4 Na6 10. e5 Nd7 11. a3 {E06: Closed Catalan: Early deviations} c5 12. dxc5 bxc5 (12... Naxc5 13. b4 Ne4 14. Bb2 Nxd2 15. Nxd2 Qc7 16. Rfc1 Rac8 17. Qa4 Bc6 18. Qb3 d4 19. Bxc6 Qxc6 20. Bxd4 {1-0 (53) Gledura,B (2621)-Lenderman,A (2626) Saint Louis 2018}) 13. Re1 Nc7 14. Nf1 a5 15. h4 Re8 16. Bf4 $146 ({Predecessor:} 16. Bg5 h6 17. Bxe7 Qxe7 {½-½ (30) Suarez Garcia,C (2274)-Recuero Guerra,D (2450) San Agustin 2012}) 16... Nf8 17. Rad1 Ra6 18. h5 h6 19. N1h2 Qa8 20. Nd2 Nh7 21. Ng4 (21. Bf1 $11) 21... Bf8 {[#]} (21... Kh8 $15 {stays ahead.}) 22. Bf1 $1 $16 dxc4 (22... Qd8 $142) 23. Ne4 ({Don't play} 23. Nxc4 $6 Bf3 $16) ({White should try} 23. Bxc4 $16 {Strongly threatening Bd3.} Be7 24. Bxh6 (24. Bxa6 Qxa6 25. Nh2 Qc6 $16)) 23... Nb5 $14 24. Bxc4 Nd4 25. Rxd4 $1 cxd4 26. Bd3 {Threatens to win with Nd6.} Rc6 27. Qb1 (27. Qd2 $1 $11 {remains equal.}) 27... Ba6 $17 28. Bxh6 Rb8 $1 29. Bf4 Rb3 (29... Rcb6 $1 $15 30. Nd6 Bxd3 31. Qxd3 Rb3 32. Qxd4 Rxb2) 30. Bc2 $11 {[#]} Rxc2 $1 {[%mdl 512]} 31. Qxc2 Qb7 32. Nd6 Qd5 33. Qc7 Bxd6 $1 $40 {[%mdl 128] Black has some attack.} 34. Qxd6 ({Don't blunder} 34. exd6 $2 Bb7 $19) 34... Bb7 {[%csl Gb7][%cal Rd5h1]} 35. Qxd5 Bxd5 36. Bc1 Bf3 37. Nh2 Bxh5 38. g4 Bg6 39. Rd1 Bd3 40. Kg2 (40. f4 $11) 40... Nf8 41. Re1 (41. Nf1 $11 {and White is okay.}) 41... Bc4 $19 42. Rd1 Bd5+ 43. f3 d3 (43... Nd7 $19 44. Rxd4 Nxe5) 44. Kg3 $17 a4 (44... Ng6 $17 45. Re1 Nf8) 45. Be3 $15 Rxb2 46. Rxd3 Rb3 (46... Ng6 {with more complications.} 47. f4 Rg2+ 48. Kh3 Re2 49. Kg3 Be4) 47. Rxb3 axb3 $11 {[%mdl 4096] Endgame KBN-KBN} 48. Bd4 Nd7 {And now ...Nb6! would win.} 49. Nf1 $1 Kf8 50. Ne3 Nb6 51. Kf2 Ke8 52. Ke2 g5 53. Kd2 Nc4+ (53... Na4 {seems wilder.} 54. Nd1 Bxf3 55. Nc3 Nb2 56. Ne4 Nc4+) 54. Nxc4 {The position is equal.} Bxc4 {KB-KB} 55. Kc3 Bd5 56. Be3 Kd7 57. Bxg5 Bxf3 58. Kxb3 Kc6 59. Kc4 Bxg4 {Accuracy: White = 48%, Black = 39%.} 1/2-1/2

[Event "38th Barczay Memorial 2019"]
[Site "Zalakaros"]
[Date "2019.05.31"]
[Round "9.4"]
[White "Bagi, Mate"]
[Black "Gschnitzer, Adrian"]
[Result "1-0"]
[WhiteElo "2450"]
[BlackElo "2419"]
[Annotator "TA"]
[PlyCount "105"]
[EventDate "2019.05.23"]
[EventType "swiss"]
[EventCountry "HUN"]
[SourceTitle "playchess.com"]
[Source "ChessBase"]
[SourceQuality "1"]

{[%evp 10,105,23,11,22,30,39,38,43,20,29,27,24,25,33,22,30,27,33,18,15,24,89,85,71,43,43,32,41,32,47,25,43,43,43,43,43,43,44,43,47,45,51,44,42,38,37,35,39,36,71,79,118,122,125,122,97,103,106,69,78,66,100,97,142,137,319,309,264,169,171,104,309,297,252,250,447,413,439,339,589,493,493,493,570,568,519,488,486,486,479,478,678,678,683,683,668,668]} 1. e4 c6 2. Nf3 d5 3. Nc3 Bg4 4. h3 Bxf3 5. Qxf3 e6 6. Be2 Nd7 {B11: Caro-Kann: Two Knights Variation} (6... Nf6 7. O-O Bc5 8. d3 O-O 9. Qg3 Bd4 10. Qh4 Nfd7 11. Qxd8 {½-½ (11) Buhmann,R (2568)-Rodshtein,M (2673) Skopje 2019}) 7. d4 dxe4 8. Nxe4 Ngf6 {White is slightly better.} 9. O-O Nxe4 10. Qxe4 Nf6 11. Qd3 Qc7 12. Rd1 Be7 13. a4 $146 ({Predecessor:} 13. Qf3 O-O 14. c3 {½-½ (37) Rasmussen,E (2344)-De la Calle,I (2196) ICCF email 2007}) 13... O-O 14. a5 Rfd8 15. c3 e5 {[#]} (15... b5 $11 {remains equal.}) 16. Qg3 $1 $16 Bd6 {White should prevent ...exd4.} 17. dxe5 (17. Bh6 {looks sharper.} Ne8 18. Bg5 f6 19. dxe5 Bxe5 20. Qf3) 17... Bxe5 18. Qf3 Rxd1+ 19. Bxd1 Re8 20. Bc2 Bh2+ 21. Kf1 {Strongly threatening g3.} Qe5 {[%csl Ge8][%cal Re5e1]} 22. Bd2 {Hoping for g3.} Qb5+ 23. Qd3 Qxd3+ ({Avoid the trap} 23... Qxb2 $2 24. Rb1 $18) 24. Bxd3 Rd8 25. Ke2 Bc7 26. g3 a6 27. Bc2 Re8+ 28. Kf3 Nd7 29. b3 {[%cal Bb2b3,Bb3b4][%mdl 32]} c5 30. Be3 c4 31. b4 Ne5+ 32. Ke2 Nc6 33. f4 Bd8 34. Rc1 Bf6 {[#]} 35. Bb1 $1 g6 36. Kf3 Ne7 37. Be4 Nf5 $2 (37... Nc6 $16 38. Bd5 Rd8 39. Bxc4 Ne7) 38. Bc5 $18 Rd8 39. g4 Nd6 40. Bd5 (40. Bxd6 $18 Rxd6 41. g5 (41. Bxb7 Rd3+ 42. Ke4 Bxc3 $16)) 40... Nb5 $2 (40... Kg7 $16) 41. Bxb7 Rd3+ 42. Kg2 Nxc3 $2 (42... Nc7 43. Kf1 g5) 43. Bxa6 Rd2+ 44. Kf1 Rh2 $2 {[#]} (44... Ne4 {keeps fighting.} 45. Rxc4 Nxc5) 45. Rxc3 $1 {[%mdl 512] White is clearly winning.} Bxc3 46. Bxc4 {[%mdl 4096] Endgame KRB-KB} Rb2 47. a6 {[%cal Ba5a6,Ba6a7][%mdl 32]} Bxb4 48. a7 Rb1+ 49. Kg2 Ra1 50. Bb6 ({Weaker is} 50. Bxb4 Rxa7 51. Bd6 Ra4 $18) 50... h5 (50... Kf8 $142 51. Bd5 Ke7) 51. gxh5 gxh5 52. Bd5 Bd6 53. f5 {Accuracy: White = 77%, Black = 43%.} 1-0